Districts of Manhattan - Statistics

General Stats
  • This quiz has been taken 7 times
  • The average score is 3 of 5
Answer Stats
Area km² Population District % Correct
10,8 402,531 Lower Manhattan
86%
4,6 185,017 Upper East Side
71%
18,7 443,098 Upper Manhattan
71%
5,1 217,040 Upper West Side
71%
12,2 417,052 Midtown Manhattan
43%
No matching quizzes found
Score Distribution
Percent of People with Each Score
Percentile by Number Answered
Your Score History
You have not taken this quiz